<?xml version="1.0" encoding="UTF-8"?>
<collection xmlns="http://www.loc.gov/MARC21/slim">
 <record>
  <leader>05956nam a22005295i 4500</leader>
  <controlfield tag="001">978-1-4614-6651-2</controlfield>
  <controlfield tag="003">DE-He213</controlfield>
  <controlfield tag="005">20210616070707.0</controlfield>
  <controlfield tag="007">cr nn 008mamaa</controlfield>
  <controlfield tag="008">130527s2013    xxu|    s    |||| 0|eng d</controlfield>
  <datafield tag="020" ind1=" " ind2=" ">
   <subfield code="a">9781461466512</subfield>
   <subfield code="9">978-1-4614-6651-2</subfield>
  </datafield>
  <datafield tag="024" ind1="7" ind2=" ">
   <subfield code="a">10.1007/978-1-4614-6651-2</subfield>
   <subfield code="2">doi</subfield>
  </datafield>
  <datafield tag="050" ind1=" " ind2="4">
   <subfield code="a">RG133.5</subfield>
  </datafield>
  <datafield tag="072" ind1=" " ind2="7">
   <subfield code="a">MFKC</subfield>
   <subfield code="2">bicssc</subfield>
  </datafield>
  <datafield tag="072" ind1=" " ind2="7">
   <subfield code="a">HEA039060</subfield>
   <subfield code="2">bisacsh</subfield>
  </datafield>
  <datafield tag="072" ind1=" " ind2="7">
   <subfield code="a">MFKC</subfield>
   <subfield code="2">thema</subfield>
  </datafield>
  <datafield tag="082" ind1="0" ind2="4">
   <subfield code="a">612.6</subfield>
   <subfield code="2">23</subfield>
  </datafield>
  <datafield tag="245" ind1="1" ind2="0">
   <subfield code="a">Human Gametes and Preimplantation Embryos</subfield>
   <subfield code="h">[electronic resource] :</subfield>
   <subfield code="b">Assessment and Diagnosis /</subfield>
   <subfield code="c">edited by David K. Gardner, Denny Sakkas, Emre Seli, Dagan Wells.</subfield>
  </datafield>
  <datafield tag="250" ind1=" " ind2=" ">
   <subfield code="a">1st ed. 2013.</subfield>
  </datafield>
  <datafield tag="264" ind1=" " ind2="1">
   <subfield code="a">New York, NY :</subfield>
   <subfield code="b">Springer New York :</subfield>
   <subfield code="b">Imprint: Springer,</subfield>
   <subfield code="c">2013.</subfield>
  </datafield>
  <datafield tag="300" ind1=" " ind2=" ">
   <subfield code="a">XV, 306 p. 64 illus., 48 illus. in color.</subfield>
   <subfield code="b">online resource.</subfield>
  </datafield>
  <datafield tag="336" ind1=" " ind2=" ">
   <subfield code="a">text</subfield>
   <subfield code="b">txt</subfield>
   <subfield code="2">rdacontent</subfield>
  </datafield>
  <datafield tag="337" ind1=" " ind2=" ">
   <subfield code="a">computer</subfield>
   <subfield code="b">c</subfield>
   <subfield code="2">rdamedia</subfield>
  </datafield>
  <datafield tag="338" ind1=" " ind2=" ">
   <subfield code="a">online resource</subfield>
   <subfield code="b">cr</subfield>
   <subfield code="2">rdacarrier</subfield>
  </datafield>
  <datafield tag="347" ind1=" " ind2=" ">
   <subfield code="a">text file</subfield>
   <subfield code="b">PDF</subfield>
   <subfield code="2">rda</subfield>
  </datafield>
  <datafield tag="505" ind1="0" ind2=" ">
   <subfield code="a">Current Practices and Regulations for Embryo Transfer Worldwide: Implications on IVF Outcome -- Analysis of the Zona Pellucida as an Indicator of Oocyte Developmental Potential -- Morphological Assessment of Oocytes, Pronuclear and Cleavage Stage Embryos -- Morphological Assessment of Blastocyst Stage Embryos: Types of Grading Systems and Their Reported Outcomes -- Real Time Imaging Strategies to Improve Morphological Assessment -- Limitations and Benefits of Morphologic Embryo Assessment Strategies: How Far Can Morphological Assessment Go in the Identification of Viable Embryos? -- Sperm Morphologic Characteristics and Their Impact on Embryo Quality and Pregnancy Outcome -- Objective Biomarkers of Sperm Development and Fertility: Assessment of Sperm-Zona Pellucida Binding Ability and Hyaluronic Acid Mediated Selection of Sperm for ICSI Fertilization -- Selecting the Best Sperm and Its Implications in Clinical Practice -- The Origins of Aneuploidy in Human Embryos -- Preimplantation Genetic Screening and Diagnosis Using Fluorescent In Situ Hybridization (FISH) -- Single Nucleotide Polymorphisms and Next Generation Sequencing -- Use of Comparative Genomic Hybridization (CGH) and Microarray-CGH for Preimplantation Genetic Screening -- Quantitative SNP Array and Real-Time PCR Based Human Preimplantation Embryo Aneuploidy Screening -- Regulation of Gene Expression in the Oocyte and Early Embryo: Implications for Transcriptomic and Proteomic Embryo Assessment -- Transcriptomics Technology: Promise and Potential Pitfalls -- Transcriptomic Analysis of Cumulus and Granulosa Cells as a Marker of Embryo Viability -- Mass Spectrometry, Proteomics and the Study of Sperm Cell Biology -- Proteomic Analysis of Embryo Viability -- Metabolism of the Viable Human Embryo -- Analysis of Respiration as an Indicator of Oocyte and Embryo Developmental Potential -- Mitochondrial Activity as a Biomarker of Gamete and Embryo Health -- Carbohydrate Analysis and Embryo Viability -- Identification of Viable Embryos by Non-invasive Measurement of Amino Acids in Culture Media -- Metabolomic Profiling of Embryos Using Spectroscopy -- Microfluidic Devices for the Analysis of Gamete and Embryo Physiology.</subfield>
  </datafield>
  <datafield tag="520" ind1=" " ind2=" ">
   <subfield code="a">In recent years, the advancing science and increasing availability of assisted reproduction have given new hope to infertile couples. However, the use of IVF and ART has also led to marked increases in the number of multiple-infant live births. This poses a public health concern, as these neonates have a higher rate of pre-term delivery, compromising their survival chances and increasing their risk of lifelong disability. By optimizing the selection of gametes and embryos with high probabilities of implantation, it is possible to reduce the number of embryos transferred and, by extension, the number of high-risk multiple gestations, while maintaining or increasing pregnancy rates. Human Gametes and Preimplantation Embryos: Assessment and Diagnosis provides a broad yet concise overview of established and developing methodologies for assessment of gamete and embryo viability in assisted reproduction. This book elucidates the best practices for precisely selecting viable specimens based on morphology and cleavage rate and covers the spectrum of emerging adjunctive technologies for predicting reproductive potential. The authors present their extensive knowledge of “omics” approaches (genomics, transcriptomics, proteomics, and metabolomics), with unbiased delineation of the associated advantages and potential pitfalls. This valuable clinical resource is well suited to infertility specialists, Ob/Gyn physicians, IVF laboratory technicians, and researchers in the fields of embryology and reproductive medicine.</subfield>
  </datafield>
  <datafield tag="650" ind1=" " ind2="0">
   <subfield code="a">Reproductive medicine.</subfield>
  </datafield>
  <datafield tag="650" ind1=" " ind2="0">
   <subfield code="a">Obstetrics.</subfield>
  </datafield>
  <datafield tag="650" ind1=" " ind2="0">
   <subfield code="a">Gynecology .</subfield>
  </datafield>
  <datafield tag="650" ind1="1" ind2="4">
   <subfield code="a">Reproductive Medicine.</subfield>
   <subfield code="0">https://scigraph.springernature.com/ontologies/product-market-codes/H56002</subfield>
  </datafield>
  <datafield tag="650" ind1="2" ind2="4">
   <subfield code="a">Obstetrics/Perinatology/Midwifery.</subfield>
   <subfield code="0">https://scigraph.springernature.com/ontologies/product-market-codes/H26014</subfield>
  </datafield>
  <datafield tag="650" ind1="2" ind2="4">
   <subfield code="a">Gynecology.</subfield>
   <subfield code="0">https://scigraph.springernature.com/ontologies/product-market-codes/H26006</subfield>
  </datafield>
  <datafield tag="700" ind1="1" ind2=" ">
   <subfield code="a">Gardner, David K.</subfield>
   <subfield code="e">editor.</subfield>
   <subfield code="4">edt</subfield>
   <subfield code="4">http://id.loc.gov/vocabulary/relators/edt</subfield>
  </datafield>
  <datafield tag="700" ind1="1" ind2=" ">
   <subfield code="a">Sakkas, Denny.</subfield>
   <subfield code="e">editor.</subfield>
   <subfield code="4">edt</subfield>
   <subfield code="4">http://id.loc.gov/vocabulary/relators/edt</subfield>
  </datafield>
  <datafield tag="700" ind1="1" ind2=" ">
   <subfield code="a">Seli, Emre.</subfield>
   <subfield code="e">editor.</subfield>
   <subfield code="4">edt</subfield>
   <subfield code="4">http://id.loc.gov/vocabulary/relators/edt</subfield>
  </datafield>
  <datafield tag="700" ind1="1" ind2=" ">
   <subfield code="a">Wells, Dagan.</subfield>
   <subfield code="e">editor.</subfield>
   <subfield code="4">edt</subfield>
   <subfield code="4">http://id.loc.gov/vocabulary/relators/edt</subfield>
  </datafield>
  <datafield tag="710" ind1="2" ind2=" ">
   <subfield code="a">SpringerLink (Online service)</subfield>
  </datafield>
  <datafield tag="773" ind1="0" ind2=" ">
   <subfield code="t">Springer Nature eBook</subfield>
  </datafield>
  <datafield tag="776" ind1="0" ind2="8">
   <subfield code="i">Printed edition:</subfield>
   <subfield code="z">9781461466529</subfield>
  </datafield>
  <datafield tag="776" ind1="0" ind2="8">
   <subfield code="i">Printed edition:</subfield>
   <subfield code="z">9781461466505</subfield>
  </datafield>
  <datafield tag="776" ind1="0" ind2="8">
   <subfield code="i">Printed edition:</subfield>
   <subfield code="z">9781493942688</subfield>
  </datafield>
  <datafield tag="856" ind1="4" ind2="0">
   <subfield code="u">https://doi.org/10.1007/978-1-4614-6651-2</subfield>
  </datafield>
  <datafield tag="912" ind1=" " ind2=" ">
   <subfield code="a">ZDB-2-SME</subfield>
  </datafield>
  <datafield tag="912" ind1=" " ind2=" ">
   <subfield code="a">ZDB-2-SXM</subfield>
  </datafield>
  <datafield tag="950" ind1=" " ind2=" ">
   <subfield code="a">Medicine (SpringerNature-11650)</subfield>
  </datafield>
  <datafield tag="950" ind1=" " ind2=" ">
   <subfield code="a">Medicine (R0) (SpringerNature-43714)</subfield>
  </datafield>
 </record>
</collection>
